| 000 | 01568cam a22004454i 4500 | ||
|---|---|---|---|
| 003 | PE-LiUPU | ||
| 005 | 20250731173302.0 | ||
| 008 | 150625s2002 r 000 0 spa d | ||
| 020 | _a8472282112 | ||
| 035 | _a(Sirsi) i9788472282117 | ||
| 040 |
_aPE-LiUPU _bspa _cPE-LiUPU _erda |
||
| 049 | _aPRUA | ||
| 082 | 0 | 4 |
_a223.1 _bM26 _221 |
| 100 | 1 |
_aMartínez, José María, _eautor. |
|
| 245 | 1 | 0 |
_aJob, la fe en conflicto : _bcomentario y reflexiones sobre el libro de Job / _cJosé M. Martínez. |
| 264 | 1 |
_aBarcelona : _bClie, _c2002. |
|
| 300 |
_a266 páginas ; _c20 centímetros |
||
| 336 |
_atext _2rdacontent |
||
| 337 |
_aunmediated _2rdamedia |
||
| 338 |
_avolume _2rdacarrier |
||
| 505 | 0 | _aIntroducción al libro de Job. -Primero, segundo y tercer ciclos de recursos. | |
| 526 | _aSEG42 | ||
| 526 | _aSEG41 | ||
| 526 | _aSEG40 | ||
| 526 | _aSEG39 | ||
| 526 | _aP94 | ||
| 526 | _aP87 | ||
| 526 | _aP86 | ||
| 526 | _aP85 | ||
| 526 | _aP77 | ||
| 526 | _aP76 | ||
| 526 | _aP35 | ||
| 541 | _g001-0014464; | ||
| 630 |
_aBiblia. _pA.T. _pJob _vComentarios. |
||
| 942 |
_2ddc _cBOOK |
||
| 949 |
_a223.1 M26 _wDEWEY _c1 _i55518 _d2016-11-28 _e2016-11-23 _lCCODEBUL1 _mBUL _n8 _p8.00 _r0 _sY _tBOOK _u2015-6-25 _xTEOLOGIA _zUNKNOWN _0COMPRA _o.STAFF. Colección General |
||
| 994 |
_aC0 _bPEPRU |
||
| 596 | _a1 | ||
| 999 |
_a223.1 M26 _wDEWEY _c44396 _i55518 _d44396 _e2018-11-21 _f2021-11-11 _g5 _lCCODEBUL1 _mBUL _n9 _p8.00 _q6 _r0 _sY _tBOOK _u2015-6-25 _xTEOLOGIA _zUNKNOWN _0COMPRA _o.STAFF. Colección Teología |
||
| 980 |
_81 _gALBERTO SANCHEZ Responsable de Automatización |
||